Mocenské systémy rozhovory o globálnych demokratických povstaniach a o nových výzvach americkému impériu
Gespeichert in:
| 1. Verfasser: | |
|---|---|
| Weitere Verfasser: | |
| Format: | Buch |
| Sprache: | Slowakisch |
| Veröffentlicht: |
Bratislava
Vydavateľstvo Spolku slovenských spisovateľov
2013
|
| Schlagworte: | |
| Tags: |
Keine Tags, Fügen Sie das erste Tag hinzu!
|
MARC
| LEADER | 00000nam a2200000 4500 | ||
|---|---|---|---|
| 001 | 0178862 | ||
| 005 | 20221207093658.7 | ||
| 020 | |a 978-80-8061-690-8 | ||
| 041 | 0 | |a slo | |
| 044 | |a SK | ||
| 245 | 1 | 0 | |a Mocenské systémy |b rozhovory o globálnych demokratických povstaniach a o nových výzvach americkému impériu |c Noam Chomsky ; rozhovory vedie: David Barsamian |
| 264 | 1 | |a Bratislava |b Vydavateľstvo Spolku slovenských spisovateľov |c 2013 | |
| 300 | |a 155 s. | ||
| 610 | 2 | 0 | |a moc politická |
| 610 | 2 | 0 | |a imperializmus |
| 610 | 2 | 0 | |a zbrojenie |
| 610 | 2 | 0 | |a záujmy ekonomické |
| 610 | 2 | 0 | |a ropa |
| 610 | 2 | 0 | |a bohatstvo prírodné |
| 610 | 2 | 0 | |a vojny |
| 610 | 2 | 0 | |a kolonializmus |
| 610 | 2 | 0 | |a demokracia |
| 610 | 2 | 0 | |a vzťahy politické medzinárodné |
| 610 | 2 | 0 | |a USA |
| 610 | 2 | 0 | |a svet |
| 100 | 1 | |a Chomsky, Aviva | |
| 700 | 1 | |a Dinka, Pavol | |